[Event "Lugano Paradiso op"]
[Site "Lugano"]
[Date "2023.05.26"]
[Round "1"]
[White "Matei, Robert"]
[Black "Cusini, Mattia"]
[Result "1-0"]
[WhiteElo "1800"]
[BlackElo "1315"]
[PlyCount "97"]
[EventDate "2023.05.26"]
[EventType "swiss"]
[EventRounds "5"]
[EventCountry "SUI"]
[SourceTitle "CBM 214 Extra"]
[Source "ChessBase"]
[SourceDate "2023.07.31"]
[SourceVersion "1"]
[SourceVersionDate "2023.07.31"]
[SourceQuality "1"]

1. c4 c5 2. g3 Nc6 3. Bg2 Qc7 4. Nc3 e6 5. d3 a6 6. a3 g6 7. Nf3 Bg7 8. Rb1 Nge7 9. Bf4 e5 10. Bd2 0-0 11. 0-0 d6 12. b4 b6 13. Ne1 Bb7 14. Nc2 Rab8 15. Ne3 Nd8 16. Ned5 Nxd5 17. Nxd5 Bxd5 18. Bxd5 Ne6 19. e3 Qd7 20. Qc2 Nc7 21. Bg2 Ne6 22. Bc3 Ng5 23. Rbd1 Ne6 24. Rd2 Rbd8 25. Qb2 Qe7 26. Qc2 Qf6 27. Qa4 Ra8 28. Qc6 Ng5 29. h4 h6 30. hxg5 hxg5 31. Qxb6 Qd8 32. bxc5 Qxb6 33. cxb6 Rab8 34. b7 Bf6 35. Ba5 Bd8 36. Bxd8 Rfxd8 37. d4 f6 38. Rfd1 Kf7 39. dxe5 f5 40. Rxd6 Re8 41. Rf6+ Kg7 42. Rd7+ Kh6 43. e6 g4 44. Bd5 f4 45. exf4 a5 46. Rff7 Rh8 47. c5 a4 48. c6 g5 49. Rf6+ 1-0

[Event "Lugano op 10"]
[Site "Lugano"]
[Date "2021.10.31"]
[Round "3"]
[White "Alpers, Arne"]
[Black "Cusini, Mattia"]
[Result "1-0"]
[WhiteElo "1668"]
[BlackElo "1365"]
[PlyCount "51"]
[EventDate "2021.10.29"]
[EventType "swiss"]
[EventRounds "5"]
[EventCountry "SUI"]
[SourceTitle "CBM 205 Extra"]
[Source "ChessBase"]
[SourceDate "2022.01.31"]
[SourceVersion "1"]
[SourceVersionDate "2022.01.31"]
[SourceQuality "1"]

1. d4 d5 2. c4 e6 3. Nc3 Nc6 4. Nf3 Nf6 5. Bg5 Be7 6. e3 0-0 7. a3 a5 8. Qc2 Nd7 9. Bf4 Nf6 10. Nb5 Bd6 11. Nxd6 cxd6 12. Rd1 Ne7 13. Bg5 Ne4 14. Bh4 a4 15. Nd2 Nxd2 16. Rxd2 f6 17. Bd3 g6 18. 0-0 Rf7 19. Re1 Bd7 20. Bg3 e5 21. dxe5 dxe5 22. cxd5 Nxd5 23. Bc4 Rc8 24. Rxd5 b5 25. Rxd7 Qxd7 26. Bxf7+ 1-0